Now I know washing up. (Record no. 114672)
[ view plain ]
| 000 -LEADER | |
|---|---|
| fixed length control field | 00419nam a2200169 a 4500 |
| 005 - DATE AND TIME OF LATEST TRANSACTION | |
| control field | 20140414132109.0 |
| 008 - FIXED-LENGTH DATA ELEMENTS--GENERAL INFORMATION | |
| fixed length control field | 100902s19uu xx 00 eng d |
| 020 ## - INTERNATIONAL STANDARD BOOK NUMBER | |
| International Standard Book Number | |
| 050 ## - LIBRARY OF CONGRESS CALL NUMBER | |
| Classification number | M 362.713 |
| Item number | B35 2007 |
| 100 ## - MAIN ENTRY--PERSONAL NAME | |
| Personal name | Berger, Melvin |
| 245 ## - TITLE STATEMENT | |
| Title | Now I know washing up. |
| 260 ## - PUBLICATION, DISTRIBUTION, ETC. (IMPRINT) | |
| Place of publication, distribution, etc | New York : |
| Name of publisher, distributor, etc | Scholastic , |
| Date of publication, distribution, etc | 2007. |
| 440 ## - SERIES STATEMENT/ADDED ENTRY--TITLE | |
| Title | Now I know |
| 650 ## - SUBJECT ADDED ENTRY--TOPICAL TERM | |
| Topical term or geographic name as entry element | Proper hygiene |
| General subdivision | |
| 650 ## - SUBJECT ADDED ENTRY--TOPICAL TERM | |
| Topical term or geographic name as entry element | |
| General subdivision | |
| -- | |
| Withdrawn status | Lost status | Damaged status | Use restrictions | Home library | Current library | Shelving location | Date acquired | Source of acquisition | Cost, normal purchase price | Total Checkouts | Full call number | Barcode | Date last seen | Price effective from | Koha item type |
|---|---|---|---|---|---|---|---|---|---|---|---|---|---|---|---|
| Munich Library | Munich Library | Main Section | 01/15/2011 | 65.00 | M 362.713 B35 2007 | M6557 | 04/14/2014 | 04/14/2014 | Books |